000 00539nmm a2200181Ia 4500
008 251105s9999||||xx |||||||||||||||||und||
020 _a9788476588062
041 _aspa
100 _aAguilar, Miguel Ángel
245 0 _aTratado de Psicología Social :
_b Perspectivas socioculturales
264 _a[Madrid, España] :
_bAnthropos,
_c2007
300 _a384 páginas
490 _aObras generales
650 _aPsychology
700 _a Reid, Anne (Coords.)
856 _uhttps://public.digitaliapublishing.com/a/15629
942 _cCF
999 _c61777
_d61777